Circuitos eléctricos para la ingeniería
Saved in:
| Hovedforfatter: | |
|---|---|
| Format: | Bog |
| Sprog: | spansk |
| Udgivet: |
Madrid
McGraw-Hill
2004
|
| Udgivelse: | 1a. ed |
| Fag: | |
| Tags: |
Tilføj Tag
Ingen Tags, Vær først til at tagge denne postø!
|
MARC
| LEADER | 00000nam a2200000 a 4500 | ||
|---|---|---|---|
| 001 | UCK0029 | ||
| 003 | CL-VaPUC | ||
| 008 | 040910e20040000SP |||||||||||||||||spa|d | ||
| 020 | |a 8448141792 | ||
| 082 | 0 | 4 | |a 621.3192 |b CON |2 21 |
| 100 | 0 | |a Conejo Navarro, Antonio Jesús |e author |9 487960 | |
| 245 | 1 | 0 | |a Circuitos eléctricos para la ingeniería |
| 250 | |a 1a. ed | ||
| 300 | |a 405 p | ||
| 942 | |c BK | ||
| 945 | |d 20040910 00:00:00 |a cmena | ||
| 260 | |a Madrid |b McGraw-Hill |c 2004 | ||
| 650 | 0 | |a Circuitos eléctricos |9 260262 | |
| 650 | 0 | |a Corriente continua |9 260069 | |
| 650 | 0 | |a Corriente alterna |9 260070 | |
| 583 | |a last modification |c 20130306 09:19:07 |k Rodrigo Vera | ||
| 999 | |c 310603 |d 310601 | ||
| 952 | |0 0 |1 0 |2 ddc |4 0 |6 621_319200000000000_CON_2004 |7 0 |8 A |9 379300 |a BIBING |b BIBING |c RES |d 2019-11-21 |i 4062698 |o 621.3192 CON 2004 |p 4062698 |r 2025-01-20 |w 2019-11-21 |y BK |k EIE | ||
| 952 | |0 0 |1 0 |2 ddc |4 0 |6 621_319200000000000_CON_2004 |7 0 |8 A |9 379301 |a BIBING |b BIBING |c RES |d 2019-11-21 |i 4138791 |o 621.3192 CON 2004 |p 4138791 |r 2025-01-20 |w 2019-11-21 |y BK |k EIE | ||
| 952 | |0 0 |1 0 |2 ddc |4 0 |6 621_319200000000000_CON_2004 |7 0 |8 A |9 379302 |a BIBING |b BIBING |c RES |d 2019-11-21 |i 4148150 |o 621.3192 CON 2004 |p 4148150 |r 2025-01-20 |w 2019-11-21 |y BK |k EIE | ||